000 00415nam a2200145Ia 4500
008 100204s9999 xx 000 0 und d
082 _b12061
100 _aशेट््ये चंद्र्रहास
245 _aअजेय
260 _b"मनोरमा प्रकाशन , मुंबई"
_c1989
300 _a528
630 _aअजेय
730 _aअजेय
942 _cBOOK
999 _c456495
_d456492